000 01861cam a2200325 4500500
005 20260329021409.0
041 _afre
042 _adc
100 1 0 _aCimicky, Jan
_eauthor
700 1 0 _aMounir, Omar
_eauthor
245 0 0 _aLe corps morcelé... et le savoir vivre
260 _c2012.
500 _a37
520 _aSi nous savons explorer virtuellement le corps humain à l’aide de résonances magnétiques ou de tomographies, parallèlement nous nous trouvons face à une spécialisation de plus en plus compartimentée. La déshumanisation de la médecine est très défavorablement ressentie par le public. En face de la super spécialisation, il y a le besoin de comprendre le corps comme un ensemble harmonieux. Il faut qu’il existe à côté du spécialiste érudit, un praticien capable de comprendre, de comparer et de corriger l’homme dans son image globale.
520 _aIf we know virtually explore the human body with magnetic resonances or scans, at the same time we are front of a more compartmentalized specialization. The dehumanization of medicine is very adversely felt by the public, From the superspécialisation, there is the need to understand the body as a hannonious whole. Must be that there is next to the specialist scholar, practitioner able to understand, compare and correct the man in his overall image.
690 _abody
690 _acorps
690 _adehumanization
690 _adéshumanisation
690 _afragmentation
690 _aimage globale
690 _amédecine
690 _amedicine
690 _amorcellement
690 _aoverall image
690 _aspécialisation
690 _aspecialization
786 0 _nPsy Cause | 60 | 1 | 2012-01-12 | p. 34-36 | 1245-2394
856 4 1 _uhttps://shs.cairn.info/revue-psy-cause-2012-1-page-34?lang=fr&redirect-ssocas=7080
999 _c1912250
_d1912250